| 000 | 01551 a2200241 4500 | ||
|---|---|---|---|
| 001 | 24914 | ||
| 005 | 20260407155531.0 | ||
| 008 | 260407a2013 arg spa d | ||
| 003 | AR-UNSa-BCEJYS | ||
| 040 |
_aAR-UNSa-BCEJYS _bspa _cAR-UNSa-BCEJYS |
||
| 080 |
_a336.226.1 _xImpuestos a las ganancias o los beneficios (Impuesto Diferido) |
||
| 245 | 1 | 0 | _aImpuesto a la ganancia mínima presunta |
| 020 | _a978-987-01-1563-2 | ||
| 250 | _a2a. ed. | ||
| 264 | 1 |
_aBuenos Aires : _bErrepar _c2013 |
|
| 300 |
_axxviii, 330 p. _c21 cm. |
||
| 505 | _a1. Antecedentes. Caracterìsticas y efectos económicos - 2. Naturaleza del impuesto a la ganancia mínima presunta - 3. Constitucionalidad del gravamen. Normas de aplicación supletoria - 4. Hecho imponible - 5. Sujetos - 6. Exenciones - 7. Base imponible del gravamen - 8. Localización de los bienes y su valuación - 9. Rubros no considerados como activo - 10. Bases imponibles especiales para ciertas entidades - 11. Bienes no computables - 12. Liquidación del gravamen - 13. Actualización de importes - 14. Cómputo del impuesto a las ganancias como pago a cuenta del gravamen - 15. Pago a cuenta por tributos similares abonados en el exterior - 16. Regímenes de promoción - 17. Determinación e ingreso del impuesto - 18. Casos prácticos | ||
| 041 | _aspa | ||
| 942 | _cBK | ||
| 590 | _aniveau_biblio:m niveau_hierar:0 | ||
| 100 | 1 | _aGebhardt, Jorge | |
| 856 | 4 | 1 |
_uhttps://biblioeco.unsa.edu.ar/pmb/images/libros/Impuesto a la Ganancia M?nima Presunta (2013).jpg _yImagen de portada _qimage/jpeg |
| 999 |
_c1238 _d1238 |
||